000 00544nam a22001697a 4500
003 macl
005 20160611170646.0
008 160611b xxu||||| |||| 00| 0 eng d
040 _cmacl
041 _aHindi
082 _a891.433
100 _aशरण, गिरिराज
_963329
245 _aवृद्धरपज्ञथा की कहानियां
_cगिरिराज शरण
260 _aनई दिल्‍ली
_bप्रभात प्रकाशन
650 _aStories
_964517
942 _2ddc
_cHIN
999 _c54291
_d54291